Ministerstvo vnutrennikh del Rossii : zadachi, funkt︠s︡ii, struktura /

Bibliographic Details
Main Author: Dolzhenkova, G. D. (Galina Dmitrievna)
Corporate Author: Vserossiĭskiĭ nauchno-issledovatelʹskiĭ institut (Russia (Federation). Ministerstvo vnutrennikh del)
Other Authors: Polubinskiĭ, V. (Veniamin)
Format: Book
Language:Russian
Published: Moskva : Vserossiĭskiĭ nauchno-issledovatelʹskiĭ institut MVD Rossiĭskoĭ Federat︠s︡ii, 2002.
Subjects:

MARC

Tag First Indicator Second Indicator Subfields
LEADER 00000cam a2200000 a 4500
001 in00002016338
005 20151031144400.0
008 041130s2002 ru b 000 0 rus c
035 |a (OCoLC)ocm57076349 
040 |a TXA  |c TXA  |d UtOrBLW 
042 |a pcc 
043 |a e-ru--- 
049 |a TXAM 
050 4 |a HV8227.2.A45  |b D65 2002 
100 1 |a Dolzhenkova, G. D.  |q (Galina Dmitrievna) 
245 1 0 |a Ministerstvo vnutrennikh del Rossii :  |b zadachi, funkt︠s︡ii, struktura /  |c G.D. Dolzhenkova, V.I. Polubinskiĭ. 
264 1 |a Moskva :  |b Vserossiĭskiĭ nauchno-issledovatelʹskiĭ institut MVD Rossiĭskoĭ Federat︠s︡ii,  |c 2002. 
300 |a 122 pages ;  |c 20 cm. 
336 |a text  |b txt  |2 rdacontent 
337 |a unmediated  |b n  |2 rdamedia 
338 |a volume  |b nc  |2 rdacarrier 
504 |a Includes bibliographical references. 
610 1 0 |a Russia (Federation).  |b Ministerstvo vnutrennikh del. 
700 1 |a Polubinskiĭ, V.  |q (Veniamin) 
710 2 |a Vserossiĭskiĭ nauchno-issledovatelʹskiĭ institut (Russia (Federation). Ministerstvo vnutrennikh del) 
948 |a cataloged  |b h  |c 2004/11/30  |d c  |e spoltoratski  |f 1:11:31 pm 
994 |a E0  |b TXA 
999 |a MARS 
999 f f |s fc159749-fbd9-37c7-a9e0-d6a24ab997f3  |i 1a79cad1-a617-3c64-b2aa-986d6acad53f  |t 0 
952 f f |p normal  |a Texas A&M University  |b College Station  |c Sterling C. Evans Library  |d Evans: Library Stacks  |t 0  |e HV8227.2.A45 D65 2002  |h Library of Congress classification  |i unmediated -- volume  |m A14831595823 
998 f f |a HV8227.2.A45 D65 2002  |t 0  |l Evans: Library Stacks